Catalog

Record Details

Catalog Search



Člověk : Filosofická antropologie. Část 1  Cover Image Book Book

Člověk : Filosofická antropologie. Část 1 / Dominik Pecka

Record details

  • Physical Description: 401 s. ; 19 cm
  • Publisher: Řím : Křesťanská akademie, 1970

Content descriptions

General Note:
Přehledy lit.

Available copies

  • 3 of 3 copies available at Common Catalog SPOK.

Holds

  • 0 current holds with 3 total copies.
Show Only Available Copies
Location Call Number / Copy Notes Barcode Shelving Location Status Due Date
Jabok Library FL-3/Pe 424480002761 Odborná literatura Available -
Jabok Library FL-3/Pe 424480006010 Odborná literatura Available -
Jabok Library FL-3/Pe 424480021215 Odborná literatura Available -

LDR 00668nam a22002051a 4500
0011659
003CZ-PrJAB
00520190408145506.0
008030307s1970 it cze
035 . ‡a(CZ PrNK)bknzdr24945
040 . ‡aABA001 ‡bcze ‡cABA001 ‡dABA001 ‡dABG312
072 7. ‡a14 ‡xFilozofické systémy a hlediska ‡2Konspekt ‡95
1001 . ‡aPecka, Bohumil, ‡d1861-1925 ‡7jk01092230 ‡4aut
24510. ‡aČlověk : ‡bFilosofická antropologie. ‡nČást 1 / ‡cDominik Pecka
260 . ‡aŘím : ‡bKřesťanská akademie, ‡c1970 ‡e(Roma : ‡fP.U.G.)
300 . ‡a401 s. ; ‡c19 cm
4901 . ‡aStudium ; ‡vSv. 13
500 . ‡aPřehledy lit.
6530 . ‡ačlověk ‡afilozofická antropologie ‡aexistencialismus ‡aantická filozofie
830 0. ‡aStudium
910 . ‡aABG312
995 . ‡aska
901 . ‡a1659 ‡bUnknown ‡c1659 ‡tbiblio

Additional Resources